Studies in Kigiryama grammar & discourse (Record no. 43948)
[ view plain ]
| 000 -LEADER | |
|---|---|
| fixed length control field | 01073nam a22003131a 4500 |
| 001 - CONTROL NUMBER | |
| control field | 3995940 |
| 005 - DATE AND TIME OF LATEST TRANSACTION | |
| control field | 20110718134140.0 |
| 008 - FIXED-LENGTH DATA ELEMENTS--GENERAL INFORMATION | |
| fixed length control field | 960125s1993 ke b 000 0 eng |
| 010 ## - LIBRARY OF CONGRESS CONTROL NUMBER | |
| LC control number | 95981900 |
| 035 ## - SYSTEM CONTROL NUMBER | |
| -- | (DLC) 95981900 |
| 040 ## - CATALOGING SOURCE | |
| Original cataloging agency | DLC |
| Transcribing agency | DLC |
| 041 0# - LANGUAGE CODE | |
| Language code of text/sound track or separate title | engnic |
| 042 ## - AUTHENTICATION CODE | |
| Authentication code | lcode |
| 050 00 - LIBRARY OF CONGRESS CALL NUMBER | |
| Classification number | PL 8207.G472S78 1993 |
| Item number | PL 8207.G472S78 1993 |
| 245 00 - TITLE STATEMENT | |
| Title | Studies in Kigiryama grammar & discourse |
| Medium | [Text] |
| 260 ## - PUBLICATION, DISTRIBUTION, ETC. (IMPRINT) | |
| Place of publication, distribution, etc | Kilifi, Kenya |
| Name of publisher, distributor, etc | Giryama Bible Translatio |
| Date of publication, distribution, etc | 1993 |
| 300 ## - PHYSICAL DESCRIPTION | |
| Extent | 100 leaves ; 30 |
| 500 ## - GENERAL NOTE | |
| General note | Includes bibliography [Africana] |
| 504 ## - BIBLIOGRAPHY, ETC. NOTE | |
| Bibliography, etc | Includes bibliography [Africana] |
| 546 ## - LANGUAGE NOTE | |
| Language note | Includes bibliography [Africana] |
| 650 #0 - SUBJECT ADDED ENTRY--TOPICAL TERM | |
| Topical term or geographic name as entry element | Giryama language |
| General subdivision | Grammar. |
| 650 #0 - SUBJECT ADDED ENTRY--TOPICAL TERM | |
| Topical term or geographic name as entry element | Giryama language - Discourse analysis. |
| 710 2# - ADDED ENTRY--CORPORATE NAME | |
| Corporate name or jurisdiction name as entry element | Giryama Bible Translation & Literacy Pro |
| 906 ## - LOCAL DATA ELEMENT F, LDF (RLIN) | |
| a | 7 |
| b | cbc |
| c | origode |
| d | 3 |
| e | ncip |
| f | 19 |
| g | y-gencatlg |
| 922 ## - | |
| -- | ap |
| 985 ## - | |
| -- | APIF/ODE-nb |
| 991 ## - | |
| -- | c-GenColl |
| -- | PL8207.G472 |
| -- | S78 1993 |
| -- | Copy 1 |
| -- | BOOKS |
| Withdrawn status | Lost status | Source of classification or shelving scheme | Damaged status | Not for loan | Collection code | Home library | Current library | Shelving location | Date acquired | Source of acquisition | Cost, normal purchase price | Full call number | Barcode | Date last seen | Copy number | Price effective from | Koha item type |
|---|---|---|---|---|---|---|---|---|---|---|---|---|---|---|---|---|---|
| Library of Congress Classification | Special Collection | AIU/NEGST - Tony Wilmot Memorial Library | AIU/NEGST - Tony Wilmot Memorial Library | Special Collection | 02/19/2010 | Donation- SIL | 9.00 | S PL 8207.G472S78 1993 | R41493A3232 | 09/26/2019 | 1 | 02/19/2010 | Africana Collection (Special) |
